000 00750nam a22002177a 4500
999 _c10189
_d10189
003 AR-CdUCM
008 190329b ||||| |||| 00| 0 spa d
040 _aMUNICIPALIDAD PROVINCIAL DEL CUSCO
_cBIBLIOTECA MUNICIPAL DEL CUSCO
082 _24ed.
_aES / 800 /
_bC26
100 _aCarrio, Eduardo
_926546
245 _aInfancia de grandes hombres /
260 _aBuenos aires :
_bAtlantida, S.A.,
_c1958.
300 _a115 paginas ;
_c17 cm.
440 _aBiblioteca Billiken.
_nColección verde.
_926885
505 _aContenido :Alejandro Magno -- Beltran du Guesclin -- Miguel Angel -- Palissy -- Rubens ...
650 _aHombres
_9982
650 _aBiografías
_9148
650 _aLiteratura juvenil
_91580
942 _2ddc
_cLIBROS
945 _arum